La vejez: perspectivas sobre el desarrollo humano

Saved in:
書目詳細資料
主要作者: Kalish, Richard A (Author)
格式: 圖書
語言:西班牙语
出版: Madrid Pirámide 1991
叢編:Colección Psicología
主題:
標簽: 添加標簽
沒有標簽, 成為第一個標記此記錄!

MARC

LEADER 00000nam a2200000 a 4500
001 UCW7183
003 CL-VaPUC
008 920921e19910000SP |||||||||||||||||spa|d
082 0 4 |a 155.67  |b KAL  |2 21 
100 |a Kalish, Richard A  |e author  |9 315429 
245 1 3 |a La vejez: perspectivas sobre el desarrollo humano 
300 |a 238 p 
942 |c BK 
945 |d 19920921 00:00:00 
260 |a Madrid  |b Pirámide  |c 1991 
650 0 |a Tercera edad   |9 307285 
650 0 |a Vejez   |9 307287 
650 0 |a Ancianos   |9 307293 
650 0 |a Aspectos psicológicos  |9 258128 
583 |a last modification  |c 19920921 00:00:00  |k Rodrigo Vera 
490 0 |a Colección Psicología 
999 |c 220037  |d 220035 
952 |0 0  |1 0  |4 0  |6 155_670000000000000_KAL_1991  |7 0  |8 P  |9 211768  |a BIBEDU  |b BIBEDU  |d 2019-11-15  |i 2799049  |o 155.67 KAL 1991  |p 2799049  |r 2024-01-25  |w 2019-11-15  |y BK  |k EDU